Advances in environmental science and engineering. V 2. Resource management. (Record no. 34443)

MARC details
000 -LEADER
fixed length control field 00409nam a2200133Ia 4500
082 ## - DEWEY DECIMAL CLASSIFICATION NUMBER
Classification number 62+574
Item number ADV.2
245 #0 - TITLE STATEMENT
Title Advances in environmental science and engineering. V 2. Resource management.
260 ## - PUBLICATION, DISTRIBUTION, ETC. (IMPRINT)
Place of publication New York
Name of publisher Gordon & Breach
Year of publication 1979
650 ## - SUBJECT ADDED ENTRY--TOPICAL TERM
Topical Term Environmental engineering
700 ## - ADDED ENTRY--PERSONAL NAME
Personal name PFAFFLIN, James R
700 ## - ADDED ENTRY--PERSONAL NAME
Personal name ZIEGLER, Edward N
942 ## - ADDED ENTRY ELEMENTS (KOHA)
Koha item type Books
Holdings
Withdrawn status Lost status Damaged status Not for loan Home library Current library Date acquired Full call number Accession Number Koha item type
        RRII Library RRII Library 16/12/2021 62+574 ADV.2 14881 Books